00481nam a2200145Ia 4500008004100000020001800041082001400059100003300073245003800106260002100144500001800165942000700183952013000190999001500320260604s9999 xx 000 0 und d a9780415679954 a320.6 MIL aKaren johnston miller935900 0aMAKING AND MANAGING PUBLIC POLICY bTAYLOR & FRANCIS aPublic Policy cBK 00104070aIIMVbIIMVcGENERALd2026-06-04g1095.00l0o320.6 MILp004357r2026-06-04 10:21:27v1095.00w2026-06-04yBKBMIL c8739d8739